Statistiken für Die Drittgrößten Städte von 50 Ländern

Klicken Sie hier um das Quiz zu spielen!

Allgemein

  • Dieses Quiz wurde 127 mal gespielt
  • Das Durchschnittsergebnis liegt bei 20 aus 50

Antwortstatistiken

LandDrittgrößte StadtTipp% Korrekt
DeutschlandMünchen
89%
FrankreichLyon
85%
Vereinigte StaatenChicago
84%
ItalienNeapel
82%
SpanienValencia
81%
SchweizBasel
78%
SchwedenMalmö
76%
NiederlandeDen Haag
74%
Vereinigtes KönigreichGlasgow
68%
TürkeiIzmir
68%
NorwegenTrondheim
66%
AustralienBrisbane
61%
SüdafrikaDurban
58%
KanadaCalgary
57%
JapanOsaka
53%
IsraelHaifa
50%
PolenLodz
50%
NeuseelandWellington
49%
DänemarkOdense
47%
UkraineOdessa
47%
IrlandCork
45%
MexikoGuadalajara
43%
Saudi - ArabienMekka
41%
KolumbienCali
39%
TschechienOstrau
38%
ChinaGuangzhou
36%
ÄgyptenGizehTeil der Metropolregion Kairo
34%
NigeriaBenin-Stadtist auch ein westafrikanisches Land
33%
Vereinigte Arabische EmirateAbu Dhabi
31%
ArgentinienCordoba
31%
IndienBangalore
30%
RusslandNowosibirsk
29%
BrasilienSalvador de Bahia
27%
MarokkoTanger
27%
BelgienCharleroi
26%
RumänienTimișoara
26%
IranIsfahan
23%
IrakMossul
21%
GriechenlandPatras
21%
PakistanFaisalabad
10%
SüdkoreaIncheon2.größte Stadt ist Busan
9%
MalaysiaKlangauch ein deutsches Wort für ein Schallereignis
8%
GeorgienKutaissi2.größte Stadt ist Batumi
8%
KasachstanSchymkentnahe der Usbekischen Grenze
8%
IndonesienMedan
6%
VietnamHai Phong
5%
PortugalVila Nova de GaiaTeil der Metropolregion Porto
5%
AlgerienConstantine2.grösste Stadt ist Oran (Wahrān)
4%
PeruTrujilo
1%
ThailandPak KretTeil der Metropolregion Bangkok
0%

Verteilung der Resultate

Perzentil nach korrekt beantworteten Fragen

Anzahl Personen mit jedem Resultat

Ihre Resultats-Entwicklung

Sie haben dieses Quiz noch nicht gespielt